Короткие хроники долгой войны. Год 1943. Ч. 1: Август. Направление Орел - Брянск (Запись № 11548317)

Подробности
000 -МАРКЕР
контрольное поле 01405nam2a2200301 4500
001 - ИДЕНТИФИКАТОР ЗАПИСИ
контрольное поле RU\NLR\BIBL_A\012365281
005 - ИДЕНТИФИКАТОР ВЕРСИИ
контрольное поле 20201016132246.0
010 ## - МЕЖДУНАРОДНЫЙ СТАНДАРТНЫЙ НОМЕР КНИГИ (ISBN)
Номер (ISBN) 978-5-6043925-4-6
Тираж 30
021 ## - НОМЕР ГОСУДАРСТВЕННОЙ РЕГИСТРАЦИИ
Код страны Российская Федерация
Номер КН-П-20-031512
Номер Листа государственной регистраци КН-П-20-2417
035 ## - ДРУГИЕ СИСТЕМНЫЕ НОМЕРА
Идентификатор записи (NLR Aleph) 012365281
035 ## - ДРУГИЕ СИСТЕМНЫЕ НОМЕРА
Идентификатор записи (RuMoRGB)010348955
100 ## - ДАННЫЕ ОБЩЕЙ ОБРАБОТКИ
Данные общей обработки 20200928d2020 u y0rusy50 ca
101 0# - ЯЗЫК РЕСУРСА
Язык текста, звукозаписи и т.д. русский
102 ## - СТРАНА ПУБЛИКАЦИИ ИЛИ ПРОИЗВОДСТВА
Страна публикации Российская Федерация
105 ## - ПОЛЕ КОДИРОВАННЫХ ДАННЫХ: ТЕКСТОВЫЕ МАТЕРИАЛЫ, МОНОГРАФИЧЕСКИЕ
Кодированные данные о монографическом текстовом документе b|||z|||000zy
200 1# - ЗАГЛАВИЕ И СВЕДЕНИЯ ОБ ОТВЕТСТВЕННОСТИ
Основное заглавие Август. Направление Орел - Брянск
210 ## - ПУБЛИКАЦИЯ, РАСПРОСТРАНЕНИЕ И ДР.
Дата издания, распространения и т.д. 2020
215 ## - ФИЗИЧЕСКАЯ ХАРАКТЕРИСТИКА
Специфическое обозначение материала и объем 364 с.
Другие сведения о физической характеристике карт.
461 #0 - УРОВЕНЬ НАБОРА
Встроенное поле 001RU\NLR\BIBL_A\012365274
-- 2001#$aКороткие хроники долгой войны. Год 1943$eальбом-календарь$fА.В. Моргунов, Н.А. Моргунова$vЧ. 1
-- 700#1$aМоргунов$bА. В.$gАндрей Викторович
Системный номер (АБИС) связанной записи 11548272
Автор Моргунов, А. В.
Место публикации Брянск
Дата публикации 2020
Первые сведения об ответственности А.В. Моргунов, Н.А. Моргунова
Имя издателя, распространителя и т.д. Дубльлайн
Сведения, относящиеся к заглавию альбом-календарь
Заглавие Короткие хроники долгой войны. Год 1943
Номер тома Ч. 1
517 1# - ДРУГИЕ ВАРИАНТЫ ЗАГЛАВИЯ
Вариант заглавия Направление Орел-Брянск
606 1# - НАИМЕНОВАНИЕ ТЕМЫ КАК ПРЕДМЕТ
Наименование темы Орловская операция
Формальный подзаголовок Альбомы
Хронологический подзаголовок 1943
Системный номер авторитетной/нормативной записи 2567486
Идентификатор авторитетной/нормативной записи RU\NLR\AUTH\661518442
686 1# - ИНДЕКСЫ ДРУГИХ КЛАССИФИКАЦИЙ
Индекс Ц35(2)722.321я61
942 ## - ДОПОЛНИТЕЛЬНЫЕ ЭЛЕМЕНТЫ ЗАПИСИ (АБИС)
Тип экземпляра АБИС Книга
980 ## - КОЛЛЕКЦИЯ
Название коллекции НБР
980 ## - КОЛЛЕКЦИЯ
Название коллекции Национальная библиография

Нет доступных экземпляров.